000 00396nam a2200181Ia 4500
001 9985
005 20260306161758.0
008 260306t2010||||xx |||||||||||||| ||spa||
041 _aESP
082 _aPE 869.56
_bN56
100 _aNieto Miranda, Luis
_eAUT
245 0 _aAntología mínima
260 _c2010
300 _a
_c
650 _aGEN
654 _aCHU
942 _cLIB
_dJUS
_fJUS
_2ddc
_n
999 _c9985
_d9985